000 00595nam a2200181 i 4500
001 45824
003 ES-MaACL
005 20230906161301.0
007 t|
008 030327s1824 fr ||||1| fre d
100 1 _aCollin, V.
_939718
245 1 4 _aDes diverses méthodes d'exploration de la poitrine, et de leur application au diagnostic de ses maladies /
_cpar V. Collin.
260 _aParis :
_bJ. B. Baillière,
_c1824.
300 _a116 p. ;
_c21 cm.
650 4 _aAuscultación cardíaca.
_9138913
650 4 _aPulmones-
_xExploración clínica.
_9165407
852 _aES-MaACL
_jT-494-F-2
999 _c45824
_d45824